000 01204nam a2200337 i 4500
001 000012134
003 DO-SdBNP
005 20240911130111.0
006 a||||gr|||| 00| 0
007 ta
008 091105e1977 dr 000 f spa d
040 _aDO-SdBNP
_bspa
_cBNPHU
_erda
082 4 _aH863.44
_bD419p 1977
_222
100 1 _aDepestre, René,
_d1926-
_930247
_eautor
245 1 3 _aEl palo ensebado /
_cRené Depestre.
250 _aSegunda edición
264 _aSanto Domingo :
_bEditora Taller,
_c1977.
300 _a258 páginas ;
_c21 cm.
336 _2rdacontent
_atexto
_btxt
337 _2rdamedia
_asin mediación
_bn
338 _2rdacarrier
_avolumen
_bnc
490 0 _aBiblioteca Taller ;
_v80
500 _aIncluye datos biográficos del autor en la contracubierta.
500 _aIncluye glosario de términos haitianos : p. 245 - 258
505 _aNota del traductor.--
_tEl palo ensebado.-- Etimología.-- Fragmentos.-- Había una vez...--- Epílogo.-- Glosario de términos haitianos.
590 _aInventariado 2024 / MF
650 4 _aNovela haitiana
_93196
650 4 _aLiteratura haitiana
_93197
910 _aValidado. Control de calidad MMOLINA
942 _2ddc
_cLBS1
999 _c11799
_d11799